Advanced ESR methods in polymer research

שמור ב:
מידע ביבליוגרפי
פורמט: ספר
שפה:Undetermined
יצא לאור: Hoboken, N.J. Wiley-Interscience 2006
נושאים:
תגים: הוספת תג
אין תגיות, היה/י הראשונ/ה לתייג את הרשומה!
Thư viện lưu trữ: Trung tâm Học liệu Trường Đại học Cần Thơ
LEADER 00563nam a2200193Ia 4500
001 CTU_123956
008 210402s9999 xx 000 0 und d
020 |c 1999000 
082 |a 547.7046 
082 |b A244 
245 0 |a Advanced ESR methods in polymer research 
245 0 |c Edited by Shulamith Schlick 
260 |a Hoboken, N.J. 
260 |b Wiley-Interscience 
260 |c 2006 
650 |a Electron paramagnetic resonance,Polymers 
650 |x Research,Research 
904 |i Hạ Nguyên 
980 |a Trung tâm Học liệu Trường Đại học Cần Thơ